Lyrics Rihanna - Pour It Up - Statistics

General Stats
  • This quiz has been taken 244 times
    239 since last reset
  • The average score is 63 of 73
Answer Stats
Hint Answer % Correct
Throw it up, Throw it ____ up
100%
Pour it up, pour it __ up
100%
Throw it _, Throw it _ up
100%
Throw it up, throw it __ up
100%
Pour it __, pour it up up
100%
_ still got my money I
99%
_ still got my money I
99%
_ still got my money I
99%
_ still got my money I
99%
_ still got my money I
99%
_ still got my money I
99%
_ still got my money I
99%
_ still got my money I
99%
_ still got my money I
99%
_ still got my money I
99%
_ still got my money I
99%
Watch it ___ fall out all
98%
__ i see is signs all
98%
Throw _ up, Throw _ it
98%
Throw _ up, Throw _ up it
98%
Watch _ all fall out it
98%
Pour _ up, Pour _ up it
98%
Throw _, throw _ up it
98%
____ it up, Pour it up Pour
97%
___ it up, ___ it up Pour
97%
___ it up, pour it up Pour
97%
I still got my ___ Money
95%
___ on my mind Money
95%
Money, ___ on my mind money
95%
And I still got my ___ money
95%
Strip clubs ___ dollar bills and
94%
___ I still got my money and
94%
Strippers goin' up and ___ that pole down
93%
That's how we ball ___ out
93%
That's how we ball ___ out
93%
That's how we ball ___ out
93%
That's how we ball ___ out
93%
That's how we ball ___ out
93%
Watch it all fall ___ out
93%
That's how we ball ___ out
93%
That's how we ball ___ out
93%
That's how we ball ___ out
93%
That's how we ball ___ out
93%
That's how we ball ___ out
93%
___ it all fall out Watch
93%
____ it all fall out Watch
93%
___ how we ball out That's
91%
Four o'clock and we ain't going ___ Home
90%
That's how we __ out ball
89%
All I see is ___ signs dollar
89%
All I see is ___ signs dollar
89%
Lot more where that came ___ from
86%
Money make the ___ go round world
84%
Watch it __ off from the sky fall
80%
Watch it fall off from the ___ sky
79%
Money, Money on my ___ Mind
78%
____ it up, throw it up Throw
78%
Patron shots can I get a ___ Refill
77%
The look in yo ___ I know you want some eyes
76%
Money, __ my mind on
76%
Bands make your ___ go down girl
74%
All I see _ signs is
71%
I ___ got my money still
71%
Gold all up in my ___ grill
69%
So who ____ about what I spend cares
67%
Who cares how you ___ feel haters
65%
Throw it up, throw ______ it up
60%
Call _ up and close a deal J
55%
My pocket's ___, and it never ends deep
54%
I'm going ____ with all my friends dumb
43%
My _____ on and they love my smell fragrance
43%
___ cost a hundred bill Valet
39%
___ I still got my money cause
26%
No matching quizzes found
Score Distribution
Percent of People with Each Score
Percentile by Number Answered
Your Score History
You have not taken this quiz since the last reset